[Event "Cappelle op 32nd"]
[Site "Cappelle la Grande"]
[Date "2016.02.15"]
[Round "3"]
[White "Pogorelov, Ruslan"]
[Black "Szylar, Eric"]
[Result "1-0"]
[WhiteElo "2345"]
[BlackElo "2045"]
[PlyCount "57"]
[EventDate "2016.02.13"]
[EventType "swiss"]
[EventRounds "9"]
[EventCountry "FRA"]
[SourceTitle "EXT 2017"]
[Source "ChessBase"]
[SourceDate "2016.10.25"]
[SourceVersion "1"]
[SourceVersionDate "2016.10.25"]
[SourceQuality "1"]

1. Nf3 Nf6 2. c4 g6 3. Nc3 Bg7 4. e4 d6 5. d4 0-0 6. Be2 e5 7. 0-0 Nc6 8. d5 Ne7 9. Ne1 Nd7 10. Be3 f5 11. f3 f4 12. Bf2 g5 13. a4 h5 14. a5 Rf7 15. b4 Nf6 16. c5 g4 17. cxd6 cxd6 18. Nb5 a6 19. Bb6 Qd7 20. Nc7 Rb8 21. Rc1 gxf3 22. Nxf3 Nxe4 23. Ba7 Nc6 24. Bxb8 Nxb8 25. Ne6 Qe8 26. Qc2 Bxe6 27. dxe6 Qxe6 28. Qxe4 d5 29. Ng5 1-0

[Event "FRA-chT4"]
[Site "France"]
[Date "2012.10.14"]
[Round "1"]
[White "Vedovotto, Nicolas"]
[Black "Szylar, Eric"]
[Result "1-0"]
[WhiteElo "2099"]
[BlackElo "2078"]
[PlyCount "91"]
[EventDate "2012.10.24"]
[EventType "team-swiss"]
[EventRounds "9"]
[EventCountry "FRA"]
[SourceTitle "EXT 2014"]
[Source "ChessBase"]
[SourceDate "2013.11.20"]
[SourceVersion "1"]
[SourceVersionDate "2013.11.20"]
[SourceQuality "1"]

1. Nc3 e5 2. Nf3 Nc6 3. d4 exd4 4. Nxd4 d5 5. Bf4 Nxd4 6. Qxd4 c6 7. 0-0-0 Nf6 8. e4 Be6 9. Qa4 Be7 10. exd5 Nxd5 11. Nxd5 Bxd5 12. c4 b5 13. cxb5 0-0 14. bxc6 Bxc6 15. Rxd8 Bxa4 16. Rxa8 Rxa8 17. Be2 Rc8+ 18. Kb1 Rc2 19. Bd1 Rc4 20. Be3 Bd7 21. Bc2 a5 22. Rd1 Bc6 23. Bd3 Rb4 24. Rc1 Bb7 25. Bc5 Bxc5 26. Rxc5 a4 27. f3 g6 28. Kc2 Rb6 29. Bc4 Bc6 30. Ra5 Kg7 31. Kc3 h5 32. b4 axb3 33. axb3 Kf6 34. b4 h4 35. h3 Bb7 36. Bd5 Bxd5 37. Rxd5 Ke6 38. Rd2 Rc6+ 39. Kb3 Ke5 40. b5 Rc8 41. Kb4 Kf4 42. b6 Ke3 43. Rb2 Kd4 44. Kb5 Kc3 45. Rb1 Kc2 46. Ra1 1-0

[Event "Paris-ch op-B 87th"]
[Site "Paris"]
[Date "2012.07.15"]
[Round "9"]
[White "Mezioud, Rimel"]
[Black "Szylar, Eric"]
[Result "1-0"]
[WhiteElo "2034"]
[BlackElo "2105"]
[PlyCount "63"]
[EventDate "2012.07.07"]
[EventType "swiss"]
[EventRounds "9"]
[EventCountry "FRA"]
[SourceTitle "EXT 2013"]
[Source "ChessBase"]
[SourceDate "2012.11.22"]
[SourceVersion "1"]
[SourceVersionDate "2012.11.22"]
[SourceQuality "1"]

1. e4 c5 2. Nf3 d6 3. d4 cxd4 4. Nxd4 Nf6 5. Nc3 g6 6. Be2 Nc6 7. Be3 Bg7 8. 0-0 0-0 9. Kh1 d5 10. exd5 Nxd5 11. Nxd5 Qxd5 12. Bf3 Qd7 13. Nxc6 bxc6 14. Qxd7 Bxd7 15. Rad1 Rfd8 16. Rxd7 Rxd7 17. Bxc6 Rad8 18. Bxd7 Rxd7 19. b3 Bc3 20. g3 e5 21. Kg2 e4 22. Rb1 f5 23. b4 Kf7 24. a4 Ke6 25. b5 Rc7 26. b6 axb6 27. Bxb6 Rc4 28. Rb3 Be5 29. a5 Rxc2 30. a6 Ra2 31. a7 Kd7 32. Bc5 1-0

[Event "Cappelle op 27th"]
[Site "Cappelle la Grande"]
[Date "2011.03.02"]
[Round "6"]
[White "Szylar, Eric"]
[Black "Boric, Elena"]
[Result "0-1"]
[WhiteElo "2065"]
[BlackElo "2297"]
[PlyCount "94"]
[EventDate "2011.02.26"]
[EventType "swiss"]
[EventRounds "9"]
[EventCountry "FRA"]
[SourceTitle "CBM 141 Extra"]
[Source "ChessBase"]
[SourceDate "2011.05.03"]
[SourceVersion "1"]
[SourceVersionDate "2011.05.03"]
[SourceQuality "1"]

1. e4 Nf6 2. Nc3 d5 3. e5 Nfd7 4. Nf3 e6 5. Bb5 c6 6. Ba4 a6 7. d4 b5 8. Bb3 c5 9. a3 cxd4 10. Qxd4 Bb7 11. 0-0 Nc6 12. Qf4 Be7 13. Qg3 g6 14. Re1 Nb6 15. Ng5 h6 16. Nf3 Qc7 17. Ne2 0-0-0 18. c3 Kb8 19. Ned4 Nxd4 20. cxd4 Nc8 21. Bd1 g5 22. b3 Na7 23. Bd2 Nc6 24. a4 b4 25. Be3 Rdg8 26. Re2 g4 27. Ne1 h5 28. f4 h4 29. Qf2 g3 30. Qf3 gxh2+ 31. Kxh2 Rg3 32. Qf2 Qd8 33. Bc2 Qg8 34. Nf3 Qg4 35. Ng1 Bd8 36. Rd2 Rg8 37. Nh3 Bb6 38. Rg1 Rxe3 39. Qxe3 Bxd4 40. Rxd4 Qg3+ 41. Qxg3 hxg3+ 42. Kh1 Nxd4 43. Bd1 Nf5 44. Re1 d4 45. Ng5 Rc8 46. Nxf7 Rc1 47. Nd6 Ne3 0-1

[Event "Syre Memorial op 31st"]
[Site "Issy les Moulineaux"]
[Date "2008.05.03"]
[Round "5"]
[White "Dicanot, David"]
[Black "Szylar, Eric"]
[Result "1-0"]
[WhiteElo "1810"]
[BlackElo "2084"]
[PlyCount "33"]
[EventDate "2008.05.01"]
[EventType "swiss"]
[EventRounds "6"]
[EventCountry "FRA"]
[SourceTitle "EXT 2010"]
[Source "ChessBase"]
[SourceDate "2010.11.25"]
[SourceVersion "1"]
[SourceVersionDate "2010.11.25"]
[SourceQuality "1"]

1. e4 c5 2. Nf3 d6 3. d4 cxd4 4. Nxd4 Nf6 5. Nc3 g6 6. Be3 Bg7 7. f3 0-0 8. Bc4 Nc6 9. Qd2 Nd7 10. Nxc6 bxc6 11. Bd4 Nb6 12. Bb3 c5 13. Bxg7 Kxg7 14. a3 a5 15. 0-0-0 Ba6 16. Nd5 Nc4 17. Qc3+ 1-0

[Event "Bethune op-A 23th"]
[Site "Bethune"]
[Date "2002.12.26"]
[Round "1"]
[White "Szylar, Eric"]
[Black "Shchekachev, Andrei"]
[Result "0-1"]
[WhiteElo "2121"]
[BlackElo "2551"]
[PlyCount "74"]
[EventDate "2002.12.26"]
[EventType "swiss"]
[EventRounds "7"]
[EventCountry "FRA"]
[SourceTitle "CBM 091 Extra"]
[Source "ChessBase"]
[SourceDate "2003.01.09"]
[SourceVersion "1"]
[SourceVersionDate "2003.01.09"]
[SourceQuality "1"]

1. e4 c5 2. Nf3 d6 3. d4 cxd4 4. Nxd4 Nf6 5. Nc3 Nc6 6. Bg5 a6 7. f4 Qb6 8. Nxc6 bxc6 9. Qd2 Ng4 10. Bd3 h6 11. Bh4 g5 12. Bg3 Qe3+ 13. Qxe3 Nxe3 14. Kf2 Ng4+ 15. Kf3 gxf4 16. Bxf4 Bg7 17. Nd1 a5 18. Rb1 Rb8 19. b3 e5 20. Bd2 h5 21. h3 f5 22. exf5 d5 23. Re1 e4+ 24. Bxe4 Ne5+ 25. Kf4 dxe4 26. Bc3 0-0 27. g4 hxg4 28. hxg4 Nxg4 29. Bxg7 Rxf5+ 30. Kxe4 Kxg7 31. Rg1 Rg5 32. Ne3 Rg6 33. Nc4 Rb5 34. Kd4 Be6 35. Nd2 Bf5 36. c4 Rd6+ 37. Kc3 Rd3+ 0-1

[Event "St Chely d'Aubrac op 2nd"]
[Site "St Chely d'Aubrac"]
[Date "2002.07.02"]
[Round "6"]
[White "Szylar, Eric"]
[Black "Laine, Panu"]
[Result "1/2-1/2"]
[WhiteElo "2104"]
[BlackElo "2212"]
[PlyCount "64"]
[EventDate "2002.06.27"]
[EventType "swiss"]
[EventRounds "7"]
[EventCountry "FRA"]
[SourceTitle "CBM 089 Extra"]
[Source "ChessBase"]
[SourceDate "2002.09.10"]
[SourceVersion "2"]
[SourceVersionDate "2002.09.10"]
[SourceQuality "1"]

1. e4 c5 2. Nf3 e6 3. d4 cxd4 4. Nxd4 a6 5. Bd3 Qc7 6. 0-0 b5 7. Re1 Nf6 8. a4 b4 9. c3 Bb7 10. e5 Nd5 11. c4 Ne7 12. b3 Nbc6 13. Bb2 Ng6 14. Nxc6 Bxc6 15. Nd2 d6 16. exd6 Bxd6 17. g3 0-0 18. Be4 Bxe4 19. Rxe4 Rac8 20. Nf3 e5 21. Qd5 Ne7 22. Qd2 f6 23. Rd1 Rcd8 24. Qc2 Ng6 25. Nh4 f5 26. Nxg6 hxg6 27. Re2 Rfe8 28. Red2 e4 29. c5 Bxc5 30. Rxd8 Rxd8 31. Rxd8+ Qxd8 32. Qc4+ Kh7 1/2-1/2

[Event "Metz op 20th"]
[Site "Metz"]
[Date "2002.04.16"]
[Round "4"]
[White "Szylar, Eric"]
[Black "Shirazi, Kamran"]
[Result "0-1"]
[WhiteElo "2103"]
[BlackElo "2455"]
[PlyCount "130"]
[EventDate "2002.04.13"]
[EventType "swiss"]
[EventRounds "9"]
[EventCountry "FRA"]
[SourceTitle "CBM 087 Extra"]
[Source "ChessBase"]
[SourceDate "2002.05.03"]
[SourceVersion "2"]
[SourceVersionDate "2002.08.09"]
[SourceQuality "1"]

1. e4 c5 2. Nf3 a6 3. c3 d5 4. exd5 Qxd5 5. d4 Nf6 6. Be3 cxd4 7. Bxd4 Nc6 8. Be2 Nxd4 9. Qxd4 e6 10. 0-0 Bc5 11. Qxd5 Nxd5 12. Nbd2 Ke7 13. Ne4 Ba7 14. c4 Nf4 15. Bd1 Rd8 16. b4 a5 17. b5 Nd3 18. Bc2 Nf4 19. Bd1 f5 20. Nc3 g5 21. g3 Nh3+ 22. Kg2 g4 23. Ng1 Bd4 24. Rc1 Nxf2 25. Rxf2 Bxc3 26. Rxc3 Rxd1 27. Ne2 b6 28. Rf1 Bb7+ 29. Kf2 Rd2 30. a3 Bf3 31. Re1 Rc8 32. h4 Rc5 33. Kf1 a4 34. Nf4 Be4 35. Rec1 Rb2 36. Ke1 Rb3 37. Kd2 Rb2+ 38. Ke3 Bf3 39. R1c2 Rb3 40. Nd3 Rc8 41. Nb2 Ra8 42. Nd3 Be4 43. Rc1 Rc8 44. Rxb3 axb3 45. Rc3 Rd8 46. Nb2 Bc2 47. c5 bxc5 48. Rxc5 Rd5 49. Rc7+ Kd8 50. Rb7 Kc8 51. Rb6 e5 52. Rc6+ Kb7 53. a4 f4+ 54. gxf4 g3 55. Kf3 exf4 56. Re6 Rd4 57. Re1 Kb6 58. Re6+ Ka5 59. Re1 h5 60. Re5 Bd1+ 61. Nxd1 Rxd1 62. b6+ Kxa4 63. b7 Rd8 64. Kxf4 g2 65. Re1 Rb8 0-1

[Event "Bethune op 22nd"]
[Site "Bethune"]
[Date "2001.12.29"]
[Round "6"]
[White "Bouhallel, Rabah"]
[Black "Szylar, Eric"]
[Result "1-0"]
[WhiteElo "2363"]
[BlackElo "2103"]
[PlyCount "77"]
[EventDate "2001.12.26"]
[EventType "swiss"]
[EventRounds "7"]
[EventCountry "FRA"]
[SourceTitle "CBM 085 Extra"]
[Source "ChessBase"]
[SourceDate "2002.01.21"]
[SourceVersion "1"]
[SourceVersionDate "2002.01.21"]
[SourceQuality "1"]

1. e4 c5 2. Nf3 d6 3. c3 Nf6 4. Be2 e6 5. 0-0 Be7 6. Qc2 Nc6 7. d4 cxd4 8. cxd4 d5 9. e5 Ne4 10. Nbd2 Nxd2 11. Bxd2 Bd7 12. Bc3 Rc8 13. Qd2 0-0 14. b4 a6 15. a4 Qc7 16. Rfc1 Na7 17. Ne1 b5 18. a5 Nc6 19. Nd3 f6 20. exf6 Rxf6 21. f4 Bd6 22. g3 Rcf8 23. Qe3 Ne7 24. Nc5 Bc8 25. Rf1 Nf5 26. Qd2 Rg6 27. Nd3 Rff6 28. Rf2 Nxg3 29. hxg3 Rxg3+ 30. Rg2 Rxg2+ 31. Kxg2 Rg6+ 32. Kf2 e5 33. fxe5 Be7 34. Bf3 Bh4+ 35. Ke2 Qf7 36. Qf4 Bf5 37. Qxh4 Bxd3+ 38. Ke3 Qf5 39. Bxd5+ 1-0

[Event "Cannes op"]
[Site "Cannes"]
[Date "1999.??.??"]
[Round "4"]
[White "Szylar, Eric"]
[Black "Chatalbashev, Boris"]
[Result "0-1"]
[WhiteElo "2139"]
[BlackElo "2524"]
[PlyCount "46"]
[EventDate "1999.??.??"]
[EventType "swiss"]
[EventRounds "9"]
[EventCountry "FRA"]
[SourceTitle "EXT 2000"]
[Source "ChessBase"]
[SourceDate "1999.11.16"]
[SourceVersion "1"]
[SourceVersionDate "1999.11.16"]
[SourceQuality "1"]

1. e4 g6 2. d4 Bg7 3. Nc3 d6 4. Be3 a6 5. a4 Nf6 6. Nf3 0-0 7. h3 b6 8. Bd3 Bb7 9. 0-0 Nbd7 10. Qd2 e5 11. Bh6 Nh5 12. Bxg7 Kxg7 13. g3 exd4 14. Nxd4 Re8 15. Rfe1 Nc5 16. Re2 Qf6 17. Qe3 Re7 18. Rae1 Rae8 19. b4 Nd7 20. Bc4 Ne5 21. Nd5 Bxd5 22. Bxd5 c5 23. bxc5 dxc5 0-1

[Event "Bethune op"]
[Site "Bethune"]
[Date "1999.??.??"]
[Round "?"]
[White "Szylar, Eric"]
[Black "Peric, Slavisa"]
[Result "0-1"]
[WhiteElo "2125"]
[BlackElo "2370"]
[PlyCount "39"]
[EventDate "1999.12.26"]
[EventType "swiss"]
[EventRounds "7"]
[EventCountry "FRA"]
[SourceTitle "EXT 2001"]
[Source "ChessBase"]
[SourceDate "2000.11.22"]
[SourceVersion "1"]
[SourceVersionDate "2000.11.22"]
[SourceQuality "1"]

1. e4 e6 2. d4 d5 3. Nd2 dxe4 4. Nxe4 Be7 5. Nf3 Nf6 6. Bd3 Nbd7 7. 0-0 0-0 8. Bg5 Nxe4 9. Bxe7 Qxe7 10. Bxe4 Nf6 11. Bd3 b6 12. Qe2 Bb7 13. Ba6 Bxf3 14. Qxf3 Qb4 15. Qc3 Qxc3 16. bxc3 Nd5 17. Bb7 Rad8 18. Bxd5 Rxd5 19. Rfd1 Rfd8 20. Rd3 0-1